Quá trình và thiết bị công nghệ hóa học

Gardado en:
Detalles Bibliográficos
Autor Principal: Vũ Bá Minh
Formato: Libro
Idioma:Undetermined
Publicado: Tp. HCM Trường Đại Học Kỹ Thuật 1991
Những chủ đề:
Các nhãn: Engadir etiqueta
Sen Etiquetas, Sexa o primeiro en etiquetar este rexistro!
Thư viện lưu trữ: Trung tâm Học liệu Trường Đại học Cần Thơ
LEADER 00600nam a2200169Ia 4500
001 CTU_34352
008 210402s9999 xx 000 0 und d
082 |a 660.282 
082 |b M312/T5 
100 |a Vũ Bá Minh 
245 0 |a Quá trình và thiết bị công nghệ hóa học 
245 0 |c Vũ Bá Minh, Nguyễn Đình Thọ, Phạm Văn Bôn 
260 |a Tp. HCM 
260 |b Trường Đại Học Kỹ Thuật 
260 |c 1991 
650 |a heat - transmission,heat engineering - instruments,heat-engines 
980 |a Trung tâm Học liệu Trường Đại học Cần Thơ